[Event "40th ECC Open 2025"]
[Site "Rhodes GRE"]
[Date "2025.10.20"]
[Round "2.64"]
[White "Gentemann, Moritz"]
[Black "Samunenkov, Ihor"]
[Result "0-1"]
[BlackTitle "GM"]
[WhiteElo "2244"]
[BlackElo "2568"]
[WhiteTeam "HSK Lister Turm"]
[BlackTeam "Tuxera Aquaprofit Nagykanizsai Sakk Klub"]
[WhiteFideId "4688007"]
[BlackFideId "14187086"]
[EventDate "2025.10.19"]
[EventType "team"]

1. c4 c6 2. Nf3 d5 3. e3 Nf6 4. Nc3 Nbd7 5. d4 e6 6. Be2 Bd6 7. O-O O-O 8. b3 b6
9. Bb2 Bb7 10. Bd3 Re8 11. Re1 Rc8 12. Rc1 h6 13. Bf1 Ne4 14. Nxe4 dxe4 15. Nd2
c5 16. g3 f5 17. Nb1 cxd4 18. exd4 f4 19. Bg2 f3 20. Bf1 Qg5 21. Qd2 Qh5 22. Nc3
Nf6 23. h3 Qg6 24. Kh1 Nh5 25. d5 exd5 26. Nxd5 Bxg3 27. fxg3 Nxg3+ 28. Kh2
Nxf1+ 29. Rxf1 e3 30. Nxe3 Rcd8 31. Qf2 Rxe3 32. Rc2 Rde8 33. Qg3 Qxc2+ 0-1

[Event "40th ECC Open 2025"]
[Site "Rhodes GRE"]
[Date "2025.10.20"]
[Round "2.65"]
[White "Markus, Robert"]
[Black "Nechitaylo, Nikita"]
[Result "1/2-1/2"]
[WhiteTitle "GM"]
[BlackTitle "FM"]
[WhiteElo "2535"]
[BlackElo "2238"]
[WhiteTeam "Tuxera Aquaprofit Nagykanizsai Sakk Klub"]
[BlackTeam "HSK Lister Turm"]
[WhiteFideId "921637"]
[BlackFideId "34138161"]
[EventDate "2025.10.19"]
[EventType "team"]

1. c4 c5 2. g3 Nc6 3. Bg2 g6 4. Nc3 Bg7 5. d3 d6 6. Bd2 e6 7. h4 h6 8. Nh3 Nge7
9. Nf4 b6 10. a3 Bb7 11. b4 Qd7 12. Rb1 O-O 13. O-O Bxc3 14. Bxc3 e5 15. Nd5
Nxd5 16. cxd5 Ne7 17. e4 Kh7 18. f4 f6 19. Kh2 Ba6 20. bxc5 bxc5 21. Bh3 Qd8 22.
h5 g5 23. Be6 Rb8 24. Rf2 Rxb1 25. Qxb1 Qe8 26. Qd1 Bc8 27. f5 Bxe6 28. dxe6 g4
29. Rb2 Rg8 30. Kg1 Rg7 31. Bd2 Nc6 32. Be3 Nd4 33. Bxd4 exd4 34. Qb1 Qxh5 35.
Qc1 Qe8 36. e5 dxe5 37. Qxc5 Qa4 38. Qf8 Qd1+ 39. Kh2 Qc1 40. Rf2 Qc7 41. Qxf6
Rg5 42. Rf1 Qc2+ 43. Kg1 Qxd3 44. Qxe5 Rh5 45. e7 Rh1+ 46. Kxh1 Qxf1+ 47. Kh2
Qf2+ 1/2-1/2

[Event "40th ECC Open 2025"]
[Site "Rhodes GRE"]
[Date "2025.10.20"]
[Round "2.66"]
[White "Hoerstmann, Rudi"]
[Black "Medvegy, Zoltan Dr."]
[Result "0-1"]
[BlackTitle "GM"]
[WhiteElo "2223"]
[BlackElo "2518"]
[WhiteTeam "HSK Lister Turm"]
[BlackTeam "Tuxera Aquaprofit Nagykanizsai Sakk Klub"]
[WhiteFideId "4604075"]
[BlackFideId "708402"]
[EventDate "2025.10.19"]
[EventType "team"]

1. g3 Nf6 2. Bg2 d5 3. Nf3 c6 4. O-O Bg4 5. c4 e6 6. Qb3 Qb6 7. d3 Nbd7 8. Nc3
Be7 9. Be3 Qxb3 10. axb3 a6 11. h3 Bh5 12. cxd5 Nxd5 13. Nxd5 exd5 14. Nd4 Bc5
15. f4 f6 16. b4 Bxb4 17. g4 Bf7 18. Bf3 O-O 19. Kg2 Rfe8 20. Nc2 Bd6 21. b4
Bxb4 22. Rfb1 c5 23. Kf2 a5 24. Na3 Bc3 25. Rxb7 Bxa1 26. Rxd7 Bd4 27. Bxd4 cxd4
28. Nb5 a4 29. Nd6 Red8 30. Rxf7 Rxd6 31. Rc7 a3 32. Rc1 a2 33. Ra1 Kf7 34. Ke1
Ke6 35. Kd2 Rb6 36. Kc2 Rc8+ 0-1

[Event "40th ECC Open 2025"]
[Site "Rhodes GRE"]
[Date "2025.10.20"]
[Round "2.67"]
[White "Pantzar, Milton"]
[Black "Mamedov, Rauf"]
[Result "0-1"]
[WhiteTitle "IM"]
[BlackTitle "GM"]
[WhiteElo "2433"]
[BlackElo "2655"]
[WhiteTeam "Lunds ASK"]
[BlackTeam "Vugar Gashimov"]
[WhiteFideId "1721003"]
[BlackFideId "13401653"]
[EventDate "2025.10.19"]
[EventType "team"]

1. d4 Nf6 2. c4 g6 3. Nc3 Bg7 4. e4 d6 5. Nf3 O-O 6. Be2 Na6 7. O-O e5 8. Re1
Bg4 9. Be3 Bxf3 10. Bxf3 exd4 11. Bxd4 c6 12. Qc2 Nc7 13. Rad1 Ne6 14. Be5 dxe5
15. Rxd8 Rfxd8 16. b4 a5 17. a3 h5 18. h4 axb4 19. axb4 Ra3 20. Qb2 Rda8 21. c5
Nd4 22. Bd1 Bh6 23. Rf1 Nd7 24. g3 b6 25. b5 Nxc5 26. bxc6 Nd3 27. Qxb6 Rxc3 28.
Qb7 Rf8 29. Ba4 Nc5 30. Qb4 Bd2 31. Kh1 Rc1 0-1

[Event "40th ECC Open 2025"]
[Site "Rhodes GRE"]
[Date "2025.10.20"]
[Round "2.68"]
[White "Nogerbek, Kazybek"]
[Black "Sjodahl, Pontus"]
[Result "1-0"]
[WhiteTitle "GM"]
[BlackTitle "IM"]
[WhiteElo "2543"]
[BlackElo "2431"]
[WhiteTeam "Vugar Gashimov"]
[BlackTeam "Lunds ASK"]
[WhiteFideId "13710427"]
[BlackFideId "1700537"]
[EventDate "2025.10.19"]
[EventType "team"]

1. d4 Nf6 2. Nf3 d5 3. Bf4 c5 4. e3 Nc6 5. Nbd2 Bg4 6. c3 e6 7. Qa4 Bxf3 8. Nxf3
Nd7 9. Bb5 Qc8 10. Rc1 a6 11. Bxc6 Qxc6 12. Qxc6 bxc6 13. c4 f6 14. Bg3 Kf7 15.
Ke2 Be7 16. Rc2 cxd4 17. Nxd4 c5 18. Nc6 Rhc8 19. Nxe7 Kxe7 20. Rd1 Nb6 21. cxd5
exd5 22. Rdc1 c4 23. b3 Rc5 24. f3 Rac8 25. Be1 Ke6 26. Bc3 cxb3 27. axb3 a5 28.
Kd1 Rb5 29. Bd4 Rxc2 30. Rxc2 Kd6 31. Rc3 Nd7 32. Kc2 Nc5 33. g4 Ne6 34. Rc8 h6
35. Ra8 Nc5 36. Bxc5+ Rxc5+ 37. Kb2 g5 38. Rh8 Rb5 39. Ka3 Ke5 40. Rxh6 Rc5 41.
Rh8 Rc2 42. h4 gxh4 43. Rxh4 Re2 44. f4+ Ke4 45. g5 Rxe3 46. gxf6 Rc3 47. Rh5
Rc6 48. Re5+ Kd4 49. Rf5 Rc8 50. f7 Rf8 51. Kb2 Ke4 52. Re5+ Kd4 53. Re7 Kd3 54.
f5 d4 55. Rd7 Ke3 56. Kc2 Rc8+ 57. Kd1 Rf8 58. Re7+ Kd3 59. Rc7 Ke4 60. Kd2 Kxf5
61. Kd3 Ke5 62. Ra7 Rb8 63. Rxa5+ Ke6 64. Rb5 Rd8 65. Rb7 1-0

[Event "40th ECC Open 2025"]
[Site "Rhodes GRE"]
[Date "2025.10.20"]
[Round "2.69"]
[White "Ahlander, Bjorn"]
[Black "Ahmadzada, Ahmad"]
[Result "1/2-1/2"]
[WhiteTitle "IM"]
[BlackTitle "GM"]
[WhiteElo "2382"]
[BlackElo "2523"]
[WhiteTeam "Lunds ASK"]
[BlackTeam "Vugar Gashimov"]
[WhiteFideId "1700251"]
[BlackFideId "13413007"]
[EventDate "2025.10.19"]
[EventType "team"]

1. e4 c5 2. Nf3 Nc6 3. d4 cxd4 4. Nxd4 Nf6 5. Nc3 e5 6. Ndb5 d6 7. Bg5 a6 8. Na3
b5 9. Nd5 Be7 10. Bxf6 Bxf6 11. c3 Bg5 12. Nc2 Rb8 13. a4 bxa4 14. Ncb4 Bd7 15.
Bxa6 Nxb4 16. cxb4 O-O 17. O-O Bc6 18. Rxa4 Bxa4 19. Qxa4 Bd2 20. Rd1 Bh6 21.
Bd3 g6 22. b5 f5 23. g3 f4 24. Qb3 Kh8 25. Be2 Rb7 26. b6 Rbf7 27. f3 Bg5 28.
Ra1 fxg3 29. hxg3 Qb8 30. Kg2 h5 31. Qb5 h4 32. Rh1 Rb7 33. Bc4 Bd8 34. b3 g5
35. Qb4 Bxb6 36. Nxb6 Rxb6 37. Qd2 Qd8 38. Rxh4+ Kg7 39. Rg4 Kh6 40. Rh4+ Kg6
41. Rg4 Kh6 42. Rh4+ Kg6 43. Rg4 1/2-1/2

[Event "40th ECC Open 2025"]
[Site "Rhodes GRE"]
[Date "2025.10.20"]
[Round "2.70"]
[White "Samadov, Read"]
[Black "Dragicevic, Drazen"]
[Result "1/2-1/2"]
[WhiteTitle "IM"]
[BlackTitle "FM"]
[WhiteElo "2523"]
[BlackElo "2334"]
[WhiteTeam "Vugar Gashimov"]
[BlackTeam "Lunds ASK"]
[WhiteFideId "13417444"]
[BlackFideId "1707922"]
[EventDate "2025.10.19"]
[EventType "team"]

1. Nf3 Nf6 2. c4 g6 3. Nc3 d5 4. cxd5 Nxd5 5. h4 Nxc3 6. bxc3 Bg7 7. h5 O-O 8.
hxg6 hxg6 9. Qa4 e5 10. Ba3 Re8 11. e4 Nd7 12. Be2 a6 13. Rd1 c5 14. d3 b5 15.
Qb3 Rb8 16. Bc1 Nf8 17. Be3 Ne6 18. g3 Bb7 19. Nh2 Qa5 20. Kf1 c4 21. dxc4 Bxe4
22. f3 Bc6 23. cxb5 Bxb5 24. Bxb5 Rxb5 25. Qc4 Rb2 26. a4 Rc2 27. Rc1 Rxc1+ 28.
Bxc1 Qc5 29. Qxa6 Qxc3 30. Kg2 Nd4 31. Rf1 Rb8 32. Ng4 Qc2+ 33. Nf2 Qf5 34. Qd3
Ra8 35. Qxf5 gxf5 36. Bb2 Rxa4 37. Bxd4 Rxd4 38. Rh1 f4 39. gxf4 exf4 40. Rh4
Rd2 41. Kf1 Be5 42. Ng4 Bc7 43. Nh6+ Kg7 44. Nxf7 Kxf7 1/2-1/2

[Event "40th ECC Open 2025"]
[Site "Rhodes GRE"]
[Date "2025.10.20"]
[Round "2.71"]
[White "Olsson, Linus"]
[Black "Babazada, Khazar"]
[Result "0-1"]
[WhiteTitle "FM"]
[BlackTitle "IM"]
[WhiteElo "2166"]
[BlackElo "2502"]
[WhiteTeam "Lunds ASK"]
[BlackTeam "Vugar Gashimov"]
[WhiteFideId "1706098"]
[BlackFideId "13413554"]
[EventDate "2025.10.19"]
[EventType "team"]

1. d4 Nf6 2. c4 g6 3. Nc3 Bg7 4. e4 d6 5. Nf3 O-O 6. Be2 e5 7. O-O Nc6 8. d5 Ne7
9. Ne1 Nd7 10. Be3 f5 11. f3 f4 12. Bf2 g5 13. b4 Nf6 14. c5 Ng6 15. a4 Rf7 16.
a5 Bf8 17. c6 h5 18. cxb7 Bxb7 19. a6 Bc8 20. Bb5 Ne7 21. Bc6 Nxc6 22. dxc6 g4
23. b5 Be6 24. Ra4 Rg7 25. Bh4 Be7 26. Bxf6 Bxf6 27. Nd5 Bh4 28. fxg4 Bxg4 29.
Nf3 Kh7 30. Qd3 Bg5 31. Kh1 Bh6 32. Ra2 Be6 33. Rb2 h4 34. Ng1 Kh8 35. Nh3 Qe8
36. Nf2 Qg6 37. Qf3 Re8 38. Re2 Reg8 39. Rg1 Bg5 40. Ree1 Bd8 41. Rc1 Bg5 42.
Rce1 Bc8 43. Ra1 Qh7 44. Ra3 Be6 45. Rd3 Bd8 46. h3 Rg3 47. Qd1 Qg6 48. Qf1 Qf7
49. Qd1 Qg6 50. Qf1 Bg5 51. Qd1 Qh7 52. Qe2 Bf7 53. Qd1 Bh5 54. Qf1 Qf7 55. b6
cxb6 56. c7 f3 57. gxf3 Bxf3+ 58. Kh2 Rxg1 59. Kxg1 Be3+ 60. Kh2 Bf4+ 0-1

[Event "40th ECC Open 2025"]
[Site "Rhodes GRE"]
[Date "2025.10.20"]
[Round "2.72"]
[White "Manafov, Vugar"]
[Black "Sigeman, Johan"]
[Result "1-0"]
[WhiteTitle "IM"]
[WhiteElo "2420"]
[BlackElo "2065"]
[WhiteTeam "Vugar Gashimov"]
[BlackTeam "Lunds ASK"]
[WhiteFideId "13410814"]
[BlackFideId "1705601"]
[EventDate "2025.10.19"]
[EventType "team"]

1. d4 d5 2. Bf4 Nf6 3. e3 e6 4. Nf3 c5 5. c3 Bd6 6. dxc5 Bxc5 7. Nbd2 O-O 8. Bd3
Nc6 9. O-O Bd6 10. Bxd6 Qxd6 11. e4 e5 12. exd5 Qxd5 13. Qe2 Bg4 14. Ne4 Nxe4
15. Bxe4 Bxf3 16. Qxf3 Qe6 17. Rfd1 Rab8 18. Rd2 Ne7 19. Bc2 Kh8 20. Bb3 Qc6 21.
Qg3 Ng6 22. Rad1 Nf4 23. Kh1 Qg6 24. Rd7 Qf5 25. h3 a6 26. Qg4 Qf6 27. R1d6 Ne6
28. Bxe6 fxe6 29. Rxe6 1-0

[Event "40th ECC Open 2025"]
[Site "Rhodes GRE"]
[Date "2025.10.20"]
[Round "2.73"]
[White "Gelfand, Boris"]
[Black "Williams, Simon K"]
[Result "1-0"]
[WhiteTitle "GM"]
[BlackTitle "GM"]
[WhiteElo "2636"]
[BlackElo "2426"]
[WhiteTeam "Rishon Le Zion #1"]
[BlackTeam "Cheddleton Savills Catering"]
[WhiteFideId "2805677"]
[BlackFideId "404454"]
[EventDate "2025.10.19"]
[EventType "team"]

1. Nf3 f5 2. g3 Nf6 3. Bg2 d5 4. c4 e6 5. O-O Be7 6. b3 Nc6 7. Bb2 O-O 8. cxd5
exd5 9. e3 a5 10. Nc3 Ne4 11. d3 Nxc3 12. Bxc3 Bf6 13. Rc1 Be6 14. Bxf6 Qxf6 15.
d4 g5 16. Qd2 f4 17. exf4 gxf4 18. Rfe1 Kh8 19. Ne5 Nxe5 20. Rxe5 c6 21. Rce1
Bd7 22. f3 fxg3 23. hxg3 Rg8 24. Re7 Rg7 25. Rxg7 Kxg7 26. Re5 Re8 27. Bh3 Re7
28. Qe3 Rf7 29. Bxd7 Rxd7 30. Re6 Qf5 31. g4 Qb1+ 32. Kg2 Kf7 33. Qe5 1-0

[Event "40th ECC Open 2025"]
[Site "Rhodes GRE"]
[Date "2025.10.20"]
[Round "2.74"]
[White "Pert, Richard G"]
[Black "Rodshtein, Maxim"]
[Result "1/2-1/2"]
[WhiteTitle "IM"]
[BlackTitle "GM"]
[WhiteElo "2414"]
[BlackElo "2647"]
[WhiteTeam "Cheddleton Savills Catering"]
[BlackTeam "Rishon Le Zion #1"]
[WhiteFideId "404748"]
[BlackFideId "2806851"]
[EventDate "2025.10.19"]
[EventType "team"]

1. d4 Nf6 2. Nf3 e6 3. Bf4 b6 4. e3 Bb7 5. Nbd2 Nh5 6. Bg5 Be7 7. h4 c5 8. c3
cxd4 9. exd4 h6 10. Be3 Nf6 11. Bd3 d6 12. Qe2 Nbd7 13. h5 a6 14. a4 Qc7 15. Rh3
Nd5 16. g4 N7f6 17. Rg3 Nxe3 18. fxe3 d5 19. Rg1 Ne4 20. Bc2 O-O 21. g5 Nxg5 22.
Nxg5 Bxg5 23. Nf3 Bf6 24. Qd3 Rfc8 25. O-O-O Kf8 26. Rg2 b5 27. Rdg1 Ke7 28. Ne5
Bxe5 29. dxe5 Qxe5 30. Rxg7 Rf8 31. axb5 axb5 32. Qxb5 Ra1+ 33. Kd2 Rxg1 34.
Rxg1 Qh2+ 35. Kd3 Qxg1 36. Qb4+ Kf6 37. Qxf8 Qf1+ 38. Kd2 Qf2+ 39. Kd1 Qf1+ 40.
Kd2 Qf2+ 41. Kd1 Qxe3 42. Bg6 Qf3+ 43. Kc2 Qe2+ 44. Kc1 Qe1+ 1/2-1/2

[Event "40th ECC Open 2025"]
[Site "Rhodes GRE"]
[Date "2025.10.20"]
[Round "2.75"]
[White "Steinberg, Nitzan"]
[Black "Eggleston, David J"]
[Result "1-0"]
[WhiteTitle "GM"]
[BlackTitle "IM"]
[WhiteElo "2554"]
[BlackElo "2357"]
[WhiteTeam "Rishon Le Zion #1"]
[BlackTeam "Cheddleton Savills Catering"]
[WhiteFideId "2801795"]
[BlackFideId "412120"]
[EventDate "2025.10.19"]
[EventType "team"]

1. e4 c5 2. Nf3 d6 3. d4 Nf6 4. Nc3 cxd4 5. Nxd4 a6 6. h3 g6 7. Be3 Nc6 8. Qd2
Bg7 9. O-O-O Nxd4 10. Bxd4 O-O 11. Kb1 b5 12. f3 b4 13. Nd5 Nxd5 14. exd5 Rb8
15. Bxg7 Kxg7 16. h4 e5 17. dxe6 Bxe6 18. h5 Qa5 19. b3 gxh5 20. g4 Qe5 21. Rxh5
Qf6 22. Rg5+ Kh8 23. Bd3 Rg8 24. Rh5 Rg7 25. Rdh1 Qc3 26. Qh2 1-0

[Event "40th ECC Open 2025"]
[Site "Rhodes GRE"]
[Date "2025.10.20"]
[Round "2.76"]
[White "Pert, Max"]
[Black "Sokolovsky, Yahli"]
[Result "0-1"]
[WhiteTitle "FM"]
[BlackTitle "GM"]
[WhiteElo "2221"]
[BlackElo "2539"]
[WhiteTeam "Cheddleton Savills Catering"]
[BlackTeam "Rishon Le Zion #1"]
[WhiteFideId "456845"]
[BlackFideId "2820242"]
[EventDate "2025.10.19"]
[EventType "team"]

1. d4 Nf6 2. c4 e6 3. Nf3 Bb4+ 4. Bd2 Qe7 5. g3 Bxd2+ 6. Nbxd2 d6 7. Bg2 O-O 8.
O-O e5 9. Qc2 a5 10. e3 h6 11. Nh4 Nc6 12. Rae1 Re8 13. f4 exd4 14. exd4 Qxe1
15. Rxe1 Rxe1+ 16. Nf1 Bg4 17. h3 Nxd4 18. Qf2 Rd1 19. Kh2 Rd3 20. Ne3 Bd7 21.
Nc2 Nxc2 22. Qxc2 Re3 23. Nf5 Bxf5 24. Qxf5 Rae8 25. g4 Re2 26. Kg3 R8e3+ 27.
Bf3 Ne4+ 28. Kh4 g5+ 0-1

[Event "40th ECC Open 2025"]
[Site "Rhodes GRE"]
[Date "2025.10.20"]
[Round "2.77"]
[White "Zanan, Evgeny"]
[Black "Arkell, Keith C"]
[Result "1/2-1/2"]
[WhiteTitle "GM"]
[BlackTitle "GM"]
[WhiteElo "2504"]
[BlackElo "2348"]
[WhiteTeam "Rishon Le Zion #1"]
[BlackTeam "Cheddleton Savills Catering"]
[WhiteFideId "24101940"]
[BlackFideId "400270"]
[EventDate "2025.10.19"]
[EventType "team"]

1. e4 d5 2. exd5 Qxd5 3. Nc3 Qd8 4. d4 Nf6 5. Nf3 Bg4 6. h3 Bxf3 7. Qxf3 c6 8.
g4 h6 9. Bd2 e6 10. O-O-O Bb4 11. Kb1 Nd5 12. Nxd5 Bxd2 13. Ne3 Bxe3 14. fxe3
Nd7 15. Bd3 Qc7 16. h4 Ke7 17. Rhf1 Raf8 18. e4 Kd8 19. e5 Kc8 20. Qe3 Kb8 21.
Be4 Nb6 22. Rf3 Rd8 23. Rdf1 Rd7 24. Qf2 Rhd8 25. c3 c5 26. Rxf7 cxd4 27. Rxd7
Qxd7 28. Rd1 Nc4 29. Rxd4 Qc7 30. g5 hxg5 31. hxg5 Nxe5 32. a3 a6 33. Qd2 Rxd4
34. Qxd4 Nc4 35. Bd3 Nd2+ 36. Kc2 Nf3 37. Qe3 Ne5 38. Be2 Qd6 39. Qf4 Kc7 40. a4
a5 41. Bb5 Kb6 42. Qe3+ Qc5 43. Qh3 Qd5 44. Qe3+ Qc5 45. Qh3 Qd5 46. Qe3+ 1/2-1/2

[Event "40th ECC Open 2025"]
[Site "Rhodes GRE"]
[Date "2025.10.20"]
[Round "2.78"]
[White "Pert, Nina"]
[Black "Bronstein, Or"]
[Result "0-1"]
[WhiteTitle "WCM"]
[BlackTitle "IM"]
[WhiteElo "2029"]
[BlackElo "2460"]
[WhiteTeam "Cheddleton Savills Catering"]
[BlackTeam "Rishon Le Zion #1"]
[WhiteFideId "456853"]
[BlackFideId "2815770"]
[EventDate "2025.10.19"]
[EventType "team"]

1. f4 d5 2. Nf3 g6 3. e3 Bg7 4. Be2 Nf6 5. O-O O-O 6. d3 c5 7. Nc3 d4 8. Ne4
Nfd7 9. c3 Nc6 10. Qc2 Rb8 11. a3 dxc3 12. bxc3 b6 13. d4 Bb7 14. d5 Na5 15. Rd1
c4 16. Rb1 Qc7 17. Rb4 Rfd8 18. d6 exd6 19. Nxd6 Nc5 20. Nxb7 Qxb7 21. Nd4 Qe4
22. Qb2 Re8 23. Bd2 Rbc8 24. Bxc4 Nxc4 25. Rxc4 Nd3 26. Qb5 Rxc4 27. Qxc4 Nb2
28. Qf1 Nxd1 29. Qxd1 Bxd4 30. cxd4 Rc8 31. Qe2 Qb1+ 32. Kf2 Rc2 33. Qd3 Qd1 0-1

[Event "40th ECC Open 2025"]
[Site "Rhodes GRE"]
[Date "2025.10.20"]
[Round "2.79"]
[White "Camlar, Arda"]
[Black "Warmerdam, Max"]
[Result "1-0"]
[WhiteTitle "IM"]
[BlackTitle "GM"]
[WhiteElo "2490"]
[BlackElo "2582"]
[WhiteTeam "Guzelbahce Satranc Spor Kulubu"]
[BlackTeam "Kfar Saba"]
[WhiteFideId "44576692"]
[BlackFideId "1048104"]
[EventDate "2025.10.19"]
[EventType "team"]

1. Nf3 Nf6 2. g3 b5 3. Bg2 Bb7 4. O-O e6 5. d3 Be7 6. e4 d6 7. a4 b4 8. Nfd2
Nfd7 9. Nc4 O-O 10. Re1 c5 11. Bf4 Qc7 12. Nbd2 Nc6 13. c3 Rfd8 14. Be3 Ba6 15.
d4 Rab8 16. d5 exd5 17. exd5 Nce5 18. Bf4 Bf6 19. Bf1 Bxc4 20. Bxc4 bxc3 21.
bxc3 Ng6 22. Ne4 Nxf4 23. gxf4 Be7 24. Qd3 Nf6 25. Re3 Qd7 26. Rae1 Nh5 27. Nxc5
Qg4+ 28. Kh1 Bf8 29. Ne4 f5 30. Ng3 Nxf4 31. Qxf5 Qxf5 32. Nxf5 Rb2 33. Rf3 Ng6
34. Nd4 Be7 35. Bd3 Bf6 36. Bxg6 hxg6 37. Nc6 Rd7 38. Re8+ Kf7 39. Ra8 g5 40. h3
Ra2 41. a5 Kg6 42. Kg2 Rb7 43. c4 Ra4 44. Rxa7 Rxa7 45. Nxa7 Rxa5 46. Nc8 Rc5
47. Nxd6 Be5 48. Nf5 Rxc4 49. d6 Rc2 50. Ne7+ Kh7 51. d7 Bc7 52. Nd5 Bd8 53. Rd3
Kg6 54. Nb4 1-0

[Event "40th ECC Open 2025"]
[Site "Rhodes GRE"]
[Date "2025.10.20"]
[Round "2.80"]
[White "Gorshtein, Ido"]
[Black "Yildiz, Egehan"]
[Result "1-0"]
[WhiteTitle "GM"]
[BlackTitle "FM"]
[WhiteElo "2537"]
[BlackElo "2374"]
[WhiteTeam "Kfar Saba"]
[BlackTeam "Guzelbahce Satranc Spor Kulubu"]
[WhiteFideId "2815532"]
[BlackFideId "44518072"]
[EventDate "2025.10.19"]
[EventType "team"]

1. c4 e6 2. Nc3 d5 3. d4 Nf6 4. cxd5 exd5 5. Bg5 Be7 6. e3 h6 7. Bh4 Bg4 8. f3
Be6 9. Bd3 c5 10. Nge2 Nc6 11. O-O cxd4 12. exd4 O-O 13. Kh1 Qd7 14. Rc1 Rfc8
15. Na4 Ng4 16. fxg4 Bxh4 17. Nc5 Qe7 18. Nxe6 fxe6 19. Bb1 Bf6 20. Qd3 Kf8 21.
Nf4 Qf7 22. Rce1 Nxd4 23. Ng6+ Ke8 24. Ne5 Bxe5 25. Rxe5 Nc6 26. Ree1 Qd7 27.
Qg6+ Kd8 28. Rf7 Qe8 29. Qxg7 1-0

[Event "40th ECC Open 2025"]
[Site "Rhodes GRE"]
[Date "2025.10.20"]
[Round "2.81"]
[White "Burcu, Cagatay"]
[Black "Boruchovsky, Avital"]
[Result "0-1"]
[WhiteTitle "FM"]
[BlackTitle "GM"]
[WhiteElo "2255"]
[BlackElo "2509"]
[WhiteTeam "Guzelbahce Satranc Spor Kulubu"]
[BlackTeam "Kfar Saba"]
[WhiteFideId "6310630"]
[BlackFideId "2800055"]
[EventDate "2025.10.19"]
[EventType "team"]

1. d4 Nf6 2. Nf3 d5 3. c3 e6 4. Bf4 c5 5. e3 Nc6 6. Nbd2 cxd4 7. cxd4 Qb6 8. Be2
Nh5 9. Be5 f6 10. Ng5 g6 11. Bxh5 Nxe5 12. dxe5 fxg5 13. Be2 Bg7 14. Nf3 Qb4+
15. Qd2 Qxd2+ 16. Kxd2 g4 17. Nd4 Rf8 18. f4 gxf3 19. Nxf3 Bd7 20. Rac1 Bc6 21.
Nd4 Kd7 22. b4 a6 23. Bg4 Rf2+ 24. Ke1 Rxg2 25. Bxe6+ Ke7 26. Rf1 Rf8 27. Rxf8
Bxf8 28. Bc8 Rxh2 29. Nxc6+ bxc6 30. Rxc6 Rxa2 31. Bxa6 Bh6 32. Rc7+ Ke6 33.
Rxh7 Bxe3 34. Bd3 g5 35. b5 Kxe5 36. Re7+ Kd4 37. Bf5 Rb2 38. Bd7 Bd2+ 39. Kf1
Kc3 40. Re6 Bf4 41. Rc6+ Kd3 42. b6 d4 43. Bf5+ Kd2 44. Re6 d3 45. Be4 Kc3 46.
b7 Rb1+ 47. Kg2 d2 48. Bf3 Rxb7 49. Re8 Kc2 50. Rc8+ Rc7 51. Rd8 Rc3 52. Be2 Rc7
53. Kf2 Re7 54. Bg4 Bc7 55. Rd5 Re5 56. Rd7 Bb6+ 57. Kg2 Re1 58. Rd6 Rg1+ 59.
Kh3 Rg3+ 0-1

[Event "40th ECC Open 2025"]
[Site "Rhodes GRE"]
[Date "2025.10.20"]
[Round "2.82"]
[White "Levin, Guy"]
[Black "Dogan, Umut Anil"]
[Result "1-0"]
[WhiteTitle "IM"]
[BlackTitle "CM"]
[WhiteElo "2466"]
[BlackElo "2238"]
[WhiteTeam "Kfar Saba"]
[BlackTeam "Guzelbahce Satranc Spor Kulubu"]
[WhiteFideId "2824213"]
[BlackFideId "51618060"]
[EventDate "2025.10.19"]
[EventType "team"]

1. c4 c5 2. Nc3 Nc6 3. Nf3 g6 4. e3 Bg7 5. d4 d6 6. Be2 Bg4 7. d5 Na5 8. Bd2 Nf6
9. O-O O-O 10. b3 a6 11. h3 Bd7 12. e4 b5 13. e5 dxe5 14. Nxe5 b4 15. Nxd7 Nxd7
16. Ne4 Nb7 17. Rc1 h6 18. Re1 Nd6 19. Bd3 Qb6 20. Bf4 Rae8 21. Qd2 Nf5 22. Ng3
Nxg3 23. Bxg3 Nf6 24. Bf4 Kh7 25. Re2 e6 26. Rce1 exd5 27. cxd5 Rxe2 28. Bxe2
Rd8 29. d6 Ne4 30. Qd5 Nxd6 31. Be3 Nf5 32. Qxc5 Qxc5 33. Bxc5 a5 34. Bc4 Bc3
35. Re2 Kg7 36. Bb6 Ra8 37. g4 Nd6 38. Bd5 Ra6 39. Bc5 Bf6 40. Kg2 Nb5 41. Bb7
Re6 42. Rxe6 fxe6 43. Bb6 Nc3 44. Bxa5 Nxa2 45. Ba6 Be7 46. Kf3 Bc5 47. Bc4 Kf6
48. Bd8+ Ke5 49. h4 Kd6 50. g5 Kd7 51. Bf6 hxg5 52. Bb5+ Kd6 53. Bxg5 Nc3 54.
Bd3 e5 55. Bxg6 Ke6 56. h5 e4+ 57. Bxe4 Nxe4 58. Kxe4 Bxf2 59. h6 Kf7 60. Kf5
Bd4 61. h7 Kg7 62. Bf6+ Bxf6 63. h8=Q+ Kxh8 64. Kxf6 Kg8 65. Ke6 Kf8 66. Kd6 Ke8
67. Kc5 Kd7 68. Kxb4 Kc6 69. Ka5 1-0

[Event "40th ECC Open 2025"]
[Site "Rhodes GRE"]
[Date "2025.10.20"]
[Round "2.83"]
[White "Gur, Ali"]
[Black "Erenberg, Ariel"]
[Result "1-0"]
[WhiteTitle "CM"]
[BlackTitle "IM"]
[WhiteElo "2222"]
[BlackElo "2510"]
[WhiteTeam "Guzelbahce Satranc Spor Kulubu"]
[BlackTeam "Kfar Saba"]
[WhiteFideId "51684349"]
[BlackFideId "2811634"]
[EventDate "2025.10.19"]
[EventType "team"]

1. e4 c5 2. Nf3 d6 3. Bb5+ Nd7 4. a4 Nf6 5. Nc3 a6 6. Be2 b6 7. d4 cxd4 8. Qxd4
Bb7 9. O-O e6 10. Rd1 Qc7 11. Be3 Be7 12. Nd2 O-O 13. Nc4 e5 14. Qd3 Rad8 15.
Bf3 Nc5 16. Bxc5 dxc5 17. Nd5 Bxd5 18. exd5 Bd6 19. g3 Rfe8 20. Nxd6 Rxd6 21.
Qxa6 e4 22. Bg2 Nxd5 23. a5 bxa5 24. Qxa5 Nb6 25. Rxd6 Qxd6 26. Bxe4 h5 27. Re1
g6 28. Bg2 Rd8 29. Bf1 Ra8 30. Qc3 Rb8 31. Qe5 Rd8 32. Qxd6 Rxd6 33. b3 Kg7 34.
Re7 Rd7 35. Rxd7 Nxd7 36. f3 Kf6 37. Kf2 Ke5 38. Bc4 f6 39. Bf7 Kf5 40. f4 g5
41. fxg5 Kxg5 42. h4+ Kh6 43. Ke3 Ne5 44. Be8 1-0